Very Ape-Nirvana Lyric Quiz - Statistics

General Stats
  • This quiz has been taken 32 times
  • The average score is 78 of 124
Answer Stats
Hint Answer % Correct
Verse 1 I
93%
to
86%
Verse 2 If
79%
of
79%
you
79%
ever
71%
I'm
71%
in
71%
the
71%
anything
64%
ape
64%
as
64%
ask
64%
don't
64%
else
64%
first
64%
ground
64%
hesitate
64%
into
64%
my
64%
need
64%
Chorus Out
64%
out
64%
please
64%
someone
64%
very
64%
am
57%
it
57%
king
57%
not
57%
sky
57%
acting
50%
all
50%
and
50%
busy
50%
dirt
50%
here
50%
I've
50%
like
50%
seen
50%
take
50%
too
50%
up
50%
was
50%
buried
43%
naive
43%
neck
43%
pride
43%
contradictionary
36%
nice
36%
files
29%
illiterature
29%
No matching quizzes found
Score Distribution
Percent of People with Each Score
Percentile by Number Answered
Your Score History
You have not taken this quiz